Commonly Misspelled Words #2 - Statistics

General Stats
  • This quiz has been taken 105,043 times
    88,657 since last reset
  • The average score is 19 of 27
Answer Stats
Incorrect Correct % Correct
Seperate Separate
96%
Rasberry Raspberry
93%
Vaccum Vacuum
93%
Pyscho Psycho
92%
Resteraunt Restaurant
87%
Marshmellow Marshmallow
83%
Minature Miniature
83%
Seige Siege
77%
Gaurentee Guarantee
76%
Accidently Accidentally
75%
Catapiller Caterpillar
72%
Shepard Shepherd
72%
Twelth Twelfth
72%
Limosine Limousine
71%
Pharoh Pharaoh
71%
Accomodate Accommodate
69%
Dumbell Dumbbell
69%
Maintainence Maintenance
69%
Anull Annul
65%
Reknown Renown
65%
Sargent Sergeant
62%
Apartide Apartheid
59%
Liason Liaison
55%
Hankerchief Handkerchief
43%
Innoculate Inoculate
42%
Supercede Supersede
41%
Vinigarette Vinaigrette
34%
No matching quizzes found
Score Distribution
Percent of People with Each Score
Percentile by Number Answered
Your Score History
You have not taken this quiz since the last reset